Alice's adventures in wonder bank through the looking glass / (Record no. 131097)

MARC details
000 -LEADER
fixed length control field 00608nam a22002177a 4500
005 - DATE AND TIME OF LATEST TRANSACTION
control field 20170124110122.0
010 ## - LIBRARY OF CONGRESS CONTROL NUMBER
LC control number A-297345
020 ## - INTERNATIONAL STANDARD BOOK NUMBER
Terms of availability 00.00
International Standard Book Number 0600311627
035 ## - SYSTEM CONTROL NUMBER
System control number A-297345
037 ## - SOURCE OF ACQUISITION
Source of stock number/acquisition Cen Lib/Ret
040 ## - CATALOGING SOURCE
Original cataloging agency DPL
Language of cataloging EN
082 ## - DEWEY DECIMAL CLASSIFICATION NUMBER
Classification number N
Item number CAR
100 ## - MAIN ENTRY--PERSONAL NAME
Personal name Carroll, Lewis
9 (RLIN) 28027
245 ## - TITLE STATEMENT
Title Alice's adventures in wonder bank through the looking glass /
Statement of responsibility, etc by Lewis Carroll
260 ## - PUBLICATION, DISTRIBUTION, ETC. (IMPRINT)
Place of publication, distribution, etc London
Name of publisher, distributor, etc Hamlyn Classics
Date of publication, distribution, etc 1986
270 ## - ADDRESS
Address London
City London
300 ## - PHYSICAL DESCRIPTION
Extent 188p. :
Dimensions 20cm(Hb)
Other physical details ill.
650 ## - SUBJECT ADDED ENTRY--TOPICAL TERM
Topical term or geographic name as entry element Adventures
9 (RLIN) 30813
650 ## - SUBJECT ADDED ENTRY--TOPICAL TERM
Topical term or geographic name as entry element Alice,s adventures
9 (RLIN) 30814
942 ## - ADDED ENTRY ELEMENTS (KOHA)
Source of classification or shelving scheme Dewey Decimal Classification
Koha item type English Books
Classification part N
Call number suffix CAR
Holdings
Withdrawn status Lost status Damaged status Not for loan Home library Current library Date acquired Source of acquisition Cost, normal purchase price Total Checkouts Total Renewals Full call number Barcode Date last seen Date checked out Copy number Cost, replacement price Price effective from Koha item type
        Central Library Central Library 13/07/2015 Cen Lib/Ret 0.00 2 1 N CAR A-297345 18/11/2019 16/10/2019 1 0.00 13/07/2015 English Books

© Delhi Public Library
Hit Counter
free hit counter